000 00937nam a2200229 4500
001 152801
003 ES-MaACL
005 20250905142223.0
008 950405s1869 sp f |||| | spa d
040 _aEUS
_bspa
_cEUS
100 1 _aBrünnow, Friedrich.
_9221930
245 1 0 _aTratado de astronomía esférica /
_cdel Dr. F. Brünnow ; traducido de la segunda edición alemana por Rafael Pardo de Figueroa y Manuel Villavicencio y Olaguer.
260 _aCádiz :
_b[s.n.],
_c1869 (
_fImprenta de la Revista Médica)
300 _a[1] h. de lám., XL, 602 p. ;
_c24 cm.
599 _aLa h. de grab. lit.: "Lasnier Lith. Imp. Lemercier & Cie. París"
650 _aAstronomía esférica.
_9135647
700 1 _aPardo de Figueroa, Rafael.
_988992
700 1 _aVillavicencio y Olaguer, Manuel,
_cConde del Cañete del Pinar
_9115193
852 _aES-MaACL
_jB-885
_z-- Enc. hol.
999 _c152801
_d152801